Elektroanalytické sledovanie a detekcia interakcií vybraných protirakovinových liečiv s biomolekulami za účasti nanomateriálov
Guardado en:
| Autor principal: | |
|---|---|
| Otros Autores: | |
| Formato: | Manuscrito Libro |
| Lenguaje: | eslovaco |
| Publicado: |
2022
|
| Materias: | |
| Acceso en línea: | http://is.stuba.sk/zp/portal_zp.pl?podrobnosti=164561 |
| Etiquetas: |
Sin Etiquetas, Sea el primero en etiquetar este registro!
|
MARC
| LEADER | 00000ntm a22000003a 4500 | ||
|---|---|---|---|
| 001 | stuzp90415 | ||
| 003 | SK-STU | ||
| 005 | 20220604210913.8 | ||
| 007 | ta | ||
| 008 | 150427s2015----xo-----f-mn---000-0-slo-d | ||
| 040 | |a STU |b slo | ||
| 041 | 0 | |a slo | |
| 100 | 1 | |a Pečová, Andrea |u 041000 |4 aut |U FCHPT Fakulta chemickej a potravinárskej technológie |T FCHPT Ústav analytickej chémie |X 91951 |U C1000 |Y 99 |7 91951 | |
| 242 | 0 | 1 | |a Electroanalytical monitoring and detection of interactions of selected anticancer drugs with biomolecules with the participation of nanomaterials |y eng |
| 245 | 1 | 0 | |a Elektroanalytické sledovanie a detekcia interakcií vybraných protirakovinových liečiv s biomolekulami za účasti nanomateriálov |
| 260 | |c 2022 | ||
| 650 | 4 | |a onkologické ochorenia |2 slo | |
| 650 | 4 | |a nanočastice |2 slo | |
| 650 | 4 | |a biosenzory |2 slo | |
| 650 | 4 | |a onkologické liečivá |2 slo | |
| 650 | 4 | |a teofylín |2 slo | |
| 650 | 4 | |a doxorubicín |2 slo | |
| 650 | 4 | |a biosensors |2 eng | |
| 650 | 4 | |a cancer |2 eng | |
| 650 | 4 | |a theophylline |2 eng | |
| 650 | 4 | |a oncological diseases |2 eng | |
| 650 | 4 | |a oncological drugs |2 eng | |
| 650 | 4 | |a doxorubicin |2 eng | |
| 650 | 4 | |a nanoparticles |2 eng | |
| 700 | 1 | |a Blaškovičová, Jana |u 041000 |k Z1 |4 ths |U FCHPT Fakulta chemickej a potravinárskej technológie |T FCHPT Ústav analytickej chémie |X 66699 |U C1000 |Y 99 |7 A0000066699 | |
| 856 | 4 | |u http://is.stuba.sk/zp/portal_zp.pl?podrobnosti=164561 | |